000 00632nam a2200217Ia 4500
008 160517s9999 xx 000 0 und d
050 _aTS 155
050 _b.P191 2016
100 _aPanes, John N.
245 _aOnline institutional research monitoring system of southville international school and colleges /
245 _cJohn N. Panes.
260 _aLas PiƱas, Philippines :
260 _bSISC,
260 _c2016.
300 _a195 pages :
300 _billustrations ;
300 _c28 cm.
500 _aIncludes bibliographical references and appendices.
521 _aInformation Technology
942 _cTH
999 _c293929
_d293929